000 01198nam a22003491 4500
001 001008756
003 DO-SdBPM
005 20250407084935.0
007 001008756
008 920725s2006 mx spa
020 _a9701006732
035 _a
040 _aDO-SdBPM
_bspa
_cBPMSU
082 4 _a658.81
_bA545a 2006
_222
100 1 _a Anderson, Rolph E.
240 1 0 _a Professional sales managemnet.
245 1 0 _aAdministración de ventas /
_h
_cRolph E. Anderson, Joseph F. Hair, Alan J. Bush ; traducción María Guadalupe Cevallos Almada, Julia Cevallos Almada ; revisión técnica Ezequiel Teyssier Mont.
250 _a2a. ed.
260 _aMéxico :
_bMCGrawHil,
_c2006
300 _axviii, 688 p. :
_bil. ;
_c26 cm.
590 _aInventariado, 2025/VM
650 4 _a Administración de ventas.
_2
650 4 _aPromoción de ventas.
650 4 _aVendedores y arte de vender.
650 7 _aTécnicas de ventas.
700 1 _a Ceballos Almada, María Guadalupe
_etraductor
700 1 _aCevallos Almada, Julia
_etraductor
700 1 _aHair, Joseph F.
_e
700 1 _a Bush, Alan J.
_e
910 _aVMateo V. Control de calidad. BPMSU
942 _2ddc
_cBK
999 _c10366
_d10366